00450nam a2200109Ia 4500008004100000050002200041100003200063245010300095260008600198300003300284521002300317140724s9999 xx 000 0 und d aP 90b.Sa195 2009 aSan Juan, Christian King N. 2aA 3D animation on sugarcoating in the social networking environment /cChristian King N. San Juan. aLas Piñas, Philippines :bSouthville International School and Colleges,cc2009. a63 p. :bcol. ill. ;c28 cm. aMass Communication